000 00666nam a2200241Ia 4500
003 OSt
005 20220928130550.0
006 a|||||r|||| 00| 0
007 ta
008 220927b |||||||| |||| 00| 0 eng d
024 _a41713
037 _cTextual
040 _aSDCL
_cSDCL
_beng
041 _2eng
_aeng
082 _aS38:794, M1
100 _aSegre Diego Ed.
_9474614
245 0 _aImmunological aspects of aging.
260 _aNew York
_b Marcel Dekker
_c1981
300 _axxi,557p.
_ccm.
700 _a Smith Lester Ed.
_9474615
942 _hS38:794, M1
_cTEXL
_2CC
999 _c787179
_d787179